خديجة رضي الله عنها : مسرحية
Saved in:
Main Author:
Format: Book
Language: Undetermined
Published:
Cairo
Islamic Research Academy
1980
Tags: Add Tag
No Tags, Be the first to tag this record!
Call Number: P33 SORO
| LEADER | 00397nam a2200121Ia 4500 | ||
|---|---|---|---|
| 008 | 240404s9999||||xx |||||||||||||| ||und|| | ||
| 050 | 4 | |a P33 SORO | |
| 100 | 1 | |a عبد الحكيم محمد سرور.. | |
| 245 | 1 | 0 | |a خديجة رضي الله عنها : مسرحية |c عبد الحكيم محمد سرور. |
| 264 | 1 | |a Cairo |b Islamic Research Academy |c 1980 | |
| 300 | |a 68 |c 20 | ||
| 942 | |2 lcc |c BK | ||
| 999 | |c 57952 |d 57952 | ||
